Princess Peach: Showtime! Transformations - Statistics

General Stats
  • This quiz has been taken 44 times
  • The average score is 8 of 10
Answer Stats
Description Transformation % Correct
Don your sleuthing cap to question locals, uncover clues, and solve a classic “whodunnit” mystery as a clever _______. Detective
88%
Toss enemies and grab items with a lasso and saddle up your trusty horse as a quick-flingin’ ______. Yeehaw! Cowgirl
84%
Hide in the scenery using props, jump wall to wall, and take out foes with kunai as an agile ____. Move swiftly and strike! Ninja
84%
Fend off the Sour Bunch with graceful slashes, dodges, and counterattacks as a sensational __________. Swordfighter
84%
Defend the school with artful jabs, kicks, and jumps as a disciplined ___ __ master. Send foes flying with strength and balance. Kung Fu
78%
Use Peach’s magical voice to control schools of fish to reveal hidden pathways and harmonize with an aquatic orchestra. Mermaid
78%
Join the other dancers on stage in a dazzling performance filled with quick-timed spins and jumps. Figure Skater
75%
Bake and decorate sweets with a dollop of cream and charm as a talented ________. Whip something up within the time limit! Patissiere
72%
Hack and sneak through the Sour Bunch’s defenses. Embrace the thrills (and charms) of espionage! Dashing Thief
63%
Go from hero to superhero! Defend the locals with powerful punches and superhuman strength. Mighty
63%
No matching quizzes found
Score Distribution
Percent of People with Each Score
Percentile by Number Answered
Your Score History
You have not taken this quiz